LEADER 01383nam 2200373z- 450 001 9910689826003321 005 20170308083025.0 035 $a(CKB)5860000000018475 035 $a(BIP)059836818 035 $a(EXLCZ)995860000000018475 100 $a20220406c2004uuuu -u- - 101 0 $aeng 135 $aurmnu|uuaun|| 200 10$aBioShield II $eresponding to an ever-changing threat : joint hearing before the Committee on the Judiciary and Committee on Health, Education, Labor, and Pensions, United States Senate, One Hundred Eighth Congress, second session, October 6, 2004 215 $a1 online resource (iv, 239 p.) $cill 311 $a0-16-074772-4 517 $aBIOSHIELD II 606 $aBiological warfare$zUnited States$xPrevention 606 $aBioterrorism$zUnited States$xPrevention 606 $aEmergency management$zUnited States 610 $aBiological warfare 610 $aTerrorism 610 $aEmergency management 610 $aHistory 610 $aPolitical science 610 $aTechnology & engineering 615 0$aBiological warfare$xPrevention. 615 0$aBioterrorism$xPrevention. 615 0$aEmergency management 712 02$aUnited States.$bCongress.$bSenate.$bCommittee on Health, Education, Labor, and Pensions. 906 $aBOOK 912 $a9910689826003321 996 $aBioShield II$93193455 997 $aUNINA